Word Ladder: Hoodie Quiz Stats

 Plays Quiz Updated Feb 24, 2012

Support Sporcle.
Go Orange.
Score 0/10 Timer 01:00
1 Play Today
Clue 5-Letter Word % Correct
Perspiration SWEAT
98.1%
Pledge fealtySWEAR
96.5%
Forky in Toy Story, e.g.SPORK
92.6%
Star Trek characterSPOCK
90.1%
Of small heightSHORT
90%
TalkSPEAK
89.6%
Long weaponSPEAR
88.8%
Physical activitySPORT
87.7%
Garment worn on the torsoSHIRT
82.7%
Small spotSPECK
82.7%

Today's Daily Dose

You're not logged in!

Compare scores with friends on all Sporcle quizzes.
OR
Log In

From the Vault

How I Met Your Mother (Season 3)

by SporcleEXP

This is step 3 towards earning your Suit Up! badge.
Remove Ads.
Support Sporcle.
Get the best of Sporcle when you Go Orange. This ad-free experience offers more features, more stats, and more fun while also helping to support Sporcle. Thank you for becoming a member.

Show Comments

Extras

Top Quizzes Today


Score Distribution

Your Account Isn't Verified!

In order to create a playlist on Sporcle, you need to verify the email address you used during registration. Go to your Sporcle Settings to finish the process.

Report this User

Report this user for behavior that violates our Community Guidelines.

Details: